|
|
|
|
| LEADER |
01398nam a22003854a 4500 |
| 001 |
EBC1968914 |
| 003 |
MiAaPQ |
| 005 |
20200520144314.0 |
| 006 |
m o d | |
| 007 |
cr cn||||||||| |
| 008 |
050801s2006 nyua sb 001 0 eng |
| 010 |
|
|
|z 2005022252
|
| 015 |
|
|
|a GBA646410
|2 bnb
|
| 016 |
7 |
|
|z 013464586
|2 Uk
|
| 020 |
|
|
|z 0765613026 (hardcover : alk. paper)
|
| 020 |
|
|
|z 9780765613028
|
| 035 |
|
|
|a (MiAaPQ)EBC1968914
|
| 035 |
|
|
|a (Au-PeEL)EBL1968914
|
| 035 |
|
|
|a (CaPaEBR)ebr10178072
|
| 035 |
|
|
|a (CaONFJC)MIL91230
|
| 035 |
|
|
|a (OCoLC)905984418
|
| 040 |
|
|
|a MiAaPQ
|c MiAaPQ
|d MiAaPQ
|
| 050 |
|
4 |
|a HB74.P8
|b H363 2006
|
| 082 |
0 |
4 |
|a 330/.01/9
|2 22
|
| 084 |
|
|
|a 83.05
|2 bcl
|
| 245 |
0 |
0 |
|a Handbook of contemporary behavioral economics
|h [electronic resource] :
|b foundations and developments /
|c edited by Morris Altman.
|
| 260 |
|
|
|a Armonk, N.Y. :
|b M.E. Sharpe,
|c c2006.
|
| 300 |
|
|
|a xxii, 762 p. :
|b ill.
|
| 504 |
|
|
|a Includes bibliographical references and index.
|
| 533 |
|
|
|a Electronic reproduction. Ann Arbor, MI : ProQuest, 2015. Available via World Wide Web. Access may be limited to ProQuest affiliated libraries.
|
| 650 |
|
0 |
|a Economics
|x Psychological aspects.
|
| 655 |
|
4 |
|a Electronic books.
|
| 700 |
1 |
|
|a Altman, Morris.
|
| 710 |
2 |
|
|a ProQuest (Firm)
|
| 856 |
4 |
0 |
|u https://ebookcentral.proquest.com/lib/matrademy/detail.action?docID=1968914
|z Click to View
|